<?xml version="1.0" encoding="UTF-8"?>
<collection xmlns="http://www.loc.gov/MARC21/slim">
  <record>
    <leader>00000nam  2200000   4500</leader>
    <controlfield tag="001">INLIS000000000002735</controlfield>
    <controlfield tag="005">20180724150411</controlfield>
    <controlfield tag="008">180724|||||||||   |   |||   |||| ||   | </controlfield>
    <datafield tag="035" ind1=" " ind2=" ">
      <subfield code="0">010-0718002735</subfield>
    </datafield>
    <datafield tag="041" ind1=" " ind2=" ">
      <subfield code="a">id</subfield>
    </datafield>
    <datafield tag="082" ind1=" " ind2=" ">
      <subfield code="a">R. 084</subfield>
    </datafield>
    <datafield tag="090" ind1=" " ind2=" ">
      <subfield code="a">R. 084 PIM I Agkatan XXXVII 2017</subfield>
    </datafield>
    <datafield tag="100" ind1=" " ind2=" ">
      <subfield code="a">Hariadi</subfield>
    </datafield>
    <datafield tag="245" ind1=" " ind2=" ">
      <subfield code="a">Rekontruksi Kebijakan POLDA Kepri berorientasi Kemaritiman</subfield>
    </datafield>
    <datafield tag="260" ind1=" " ind2=" ">
      <subfield code="a">Jakarta</subfield>
      <subfield code="b">LAN Jakarta</subfield>
      <subfield code="c">2017</subfield>
    </datafield>
    <datafield tag="300" ind1=" " ind2=" ">
      <subfield code="a">iii; 81 hlm.; Lamp.; 30 cm</subfield>
    </datafield>
    <datafield tag="500" ind1=" " ind2=" ">
      <subfield code="a">Tujuan proyek perubahan ini adalah merekomendasikan kebijakan untuk merevisi Renstra (Rencana Strategis) Polda Kepri tahun 2015-2019.  Rekomendasi ini didasarkan atas permasalahan dimana Renstra tersebut kurang memperhitungkan kondisi dan posisi Polda Kepri sebagai institusi negara yang bertugas di wilayah perairan dan kepulauan serta berada di wilayah perbatasan negara-negara tetangga yaitu Singapore, Malaysia, Vietnam, dan Kamboja, sehingga berpengaruh terhadap penyelenggaraan operasional Polda Kepri yang kurang optimal dikaitkan dengan aspek penggunaan dan pembinaan sumber daya manusia, sarana dan prasarana serta anggaran.  Melalui revisi Renstra Polda Kepri 2015-2019 tersebut, diharapkan akan merubah mind set dan culture set anggota Polri di Polda Kepri dalam mengelola manajemen pembinaan dan operasionalnya.</subfield>
    </datafield>
    <datafield tag="650" ind1=" " ind2=" ">
      <subfield code="a">Kebijakan</subfield>
    </datafield>
  </record>
</collection>
